000 00352nam a2200121Ia 4500
008 150623b xxu||||| |||| 00| 1 eng d
082 _a823.5F1
100 _aFielding, Henry
_94797
245 _aJonathan Wild, the journal of a voyage to Lisbon /
_cHenry Fielding
260 _aLondon :
_bEveryman's Lib.,
_c1976.
650 _vFiction
_94798
942 _cBK
999 _c16394
_d16394